Les Iles Salomon pour les touristes... - Statistiques

Statistiques générales
  • Ce quiz a été pris 2 fois
  • Le résultat moyen est 10 sur 21
Statistiques - réponses
Question Indice Réponses % Correct
La vitesse est limitée hors agglomération {110} km/h
100%
Quelles sont les langues officielles ? Anglais
100%
Le principal aéroport est à H Honiara
100%
Quelles sont les principaux lieux touristiques ? H Marché de {Honiara}
100%
A quelle région appartient ce pays M Mélanésie
100%
Avez-vous besoin d'un visa ? (oui/non) oui
100%
Dans la capitale y-a-t-il un décalage horaire avec Paris ? (oui/non) Oui
100%
La religion majoritaire est Anglicanisme
50%
La conduite se fait à droite ou à gauche ? Gauche
50%
Quelles sont les langues officielles ? Pidgin
50%
Comment se nomme la principale compagnie aérienne locale SA Solomon Airlines
50%
Quel est le climat local ? TH Tropical Humide
50%
Achats à faire 1/ Pour déjeuner... Vaisselle
50%
Combien d'heures (environ) mettrez-vous pour vous y rendre ? (en chiffres) 18
0%
Achats à faire 2/ Peuvent être dangereuses Armes
0%
Quelle est la monnaie ? Dollar des îles Salomon
0%
Quelles sont les principaux lieux touristiques ? M Lagon de {Marovo}
0%
Quelles sont les principaux lieux touristiques ? G Musée de {Guadalcanal}
0%
Achats à faire 3/ Instrument local Pan Pipe
0%
Le suffixe internet est sb
0%
Quelles sont les principaux lieux touristiques ? K Volcan {Kavachi}
0%
Aucun quiz correspondant
Distribution des résultats
% des personnes avec chaque résultat
Percentile par nombre de réponses
Votre historique - résultats
Vous n’avez pas pris ce quiz